Czyj to hit? - Statystyki

Ogólne statystyki
  • Ten quiz został rozwiązany 390 razy
  • Średni wynik to 13 z 20
Statystyki odpowiedzi
Tytuł piosenki Wykonawca % Poprawnych
Waka Waka Shakira
92%
Baby Justin Bieber
87%
Gangnam Style Psy
86%
Roar Katy Perry
84%
Diamonds Rihanna
84%
Hello Adele
83%
Shape of You Ed Sheeran
83%
Faded Alan Walker
75%
Believer Imagine Dragons
75%
Chandelier Sia
71%
Shake it Off Taylor Swift
69%
Despacito Luis Fonsi
68%
Sugar Maroon 5
63%
See You Again Wiz Khalifa
56%
Counting Stars One Republic
54%
Stressed Out Twenty One Pilots
54%
Bailando Enrique Iglesias
39%
Crazy Frog Axel F
31%
Uptown Funk Mark Ronson
27%
Alone Marshmello
21%
Nie znaleziono quizów pasujących do podanych kryteriów
Rozkład punktacji
Procent ludzi z każdym wynikiem
Percentyl według liczby udzielonych odpowiedzi
Twoja historia wyników
Nie rozwiązałeś tego quizu